《强军战歌》歌词 - Statistics

General Stats
  • This quiz has been taken 24 times
  • The average score is 7 of 9
Answer Stats
歌词 % Correct
听吧 新征程号角吹响
95%
强军目标召唤在前方
80%
国要强 我们就要担当
80%
将士们 听党指挥
80%
能打胜仗 作风优良
80%
为祖国决胜疆场
80%
战旗上写满铁血荣光
75%
不惧强敌 敢较量
75%
决胜疆场
70%
No matching quizzes found
Score Distribution
Percent of People with Each Score
Percentile by Number Answered
Your Score History
You have not taken this quiz